Artes gráficas : (Record no. 26280)

MARC details
000 -LEADER
campo de control de longitud fija 00756nam a2200193 i 4500
001 - NÚMERO DE CONTROL
campo de control 26280
003 - IDENTIFICADOR DE NÚMERO DE CONTROL
campo de control ES-MaACL
005 - FECHA Y HORA DE LA ÚLTIMA TRANSACCIÓN
campo de control 20250902073146.0
007 - CAMPO FIJO DE DESCRIPCIÓN FÍSICA--INFORMACIÓN GENERAL
campo de control de longitud fija t|
008 - DATOS DE LONGITUD FIJA--INFORMACIÓN GENERAL
campo de control de longitud fija 030108s1972 sp ||||1| spa d
245 00 - MENCIÓN DEL TÍTULO
Título Artes gráficas :
Resto del título reglamentación nacional de trabajo de artes gráficas : Normas complementarias de manipulado de cartón : Trabajo con incentivo en esta industria : Papel de fumar : Modificaciones.
260 ## - PUBLICACIÓN, DISTRIBUCIÓN, ETC.
Lugar de publicación, distribución, etc. Madrid :
Nombre del editor, distribuidor, etc. García Enciso,
Fecha de publicación, distribución, etc. 1972.
300 ## - DESCRIPCIÓN FÍSICA
Extensión 166 p. ;
Dimensiones 16 cm.
490 1# - MENCIÓN DE SERIE
Mención de serie Colección García Enciso
650 #4 - PUNTO DE ACCESO ADICIONAL DE MATERIA--TÉRMINO DE MATERIA
Término de materia o nombre geográfico como elemento de entrada Trabajadores de las artes gráficas-
Subdivisión general Estatuto jurídico-
Subdivisión geográfica España.
9 (RLIN) 165900
830 10 - PUNTO DE ACCESO ADICIONAL DE SERIE-TÍTULO UNIFORME
Título uniforme Colección "García Enciso"
9 (RLIN) 176884
852 ## - LOCALIZACIÓN
Ubicación ES-MaACL
Número de control de estantería C-43942
Holdings
Estatus retirado Estado de pérdida Estado de daño No para préstamo Biblioteca de origen Biblioteca actual Ubicación en estantería Fecha de adquisición Fuente de adquisición Total de préstamos Signatura topográfica completa Código de barras Visto por última vez Precio de reemplazo Tipo de ítem Koha
        Biblioteca del Ateneo de Madrid Biblioteca del Ateneo de Madrid Depósito 2 17/01/2008     C-43942 1027120 23/02/2023 23/02/2023 Libro impreso